Southville International School and Colleges
Your cart is empty.
  • Cart
  • Lists
    Public lists Eva Luna New books Lux_list list_1
    Your lists Log in to create your own lists
  • Log in to your account
  • Your cookies
  • Search history
Southville International School and Colleges
  • Advanced search
  • Recent comments
  • Most popular
  • Libraries

Log in to your account

Log in with GOOGLE


If you do not have an external account, but do have a local account, you can still log in:

  1. Home
  2. MARC view: Jurassic park :
Normal view MARC view ISBD view

Jurassic park : (Record no. 290448)

[ view plain ]
MARC details
000 -LEADER
fixed length control field 00558nam a22002057a 4500
003 - CONTROL NUMBER IDENTIFIER
control field LC
005 - DATE AND TIME OF LATEST TRANSACTION
control field 20160303092644.0
008 - FIXED-LENGTH DATA ELEMENTS--GENERAL INFORMATION
fixed length control field 160127b xxu||||| |||| 00| 0 eng d
020 ## - INTERNATIONAL STANDARD BOOK NUMBER
International Standard Book Number 0394588169
020 ## - INTERNATIONAL STANDARD BOOK NUMBER
International Standard Book Number 9780394588162
050 ## - LIBRARY OF CONGRESS CALL NUMBER
Classification number PS 3553 .C928m2 1993
100 ## - MAIN ENTRY--PERSONAL NAME
Personal name Crichton, Michael
245 ## - TITLE STATEMENT
Title Jurassic park :
Remainder of title a novel
Statement of responsibility, etc Michael Crichton
260 ## - PUBLICATION, DISTRIBUTION, ETC. (IMPRINT)
Place of publication, distribution, etc New York
Name of publisher, distributor, etc Balantine Books
Date of publication, distribution, etc 1993
300 ## - PHYSICAL DESCRIPTION
Extent 399 pages.
Dimensions 21 cm.
650 ## - SUBJECT ADDED ENTRY--TOPICAL TERM
Topical term or geographic name as entry element Dinosaurs -- Fiction
650 ## - SUBJECT ADDED ENTRY--TOPICAL TERM
Topical term or geographic name as entry element Amusement parks -- Fiction
650 ## - SUBJECT ADDED ENTRY--TOPICAL TERM
Topical term or geographic name as entry element Dinosaurs
942 ## - ADDED ENTRY ELEMENTS (KOHA)
Source of classification or shelving scheme Library of Congress Classification
Koha item type Books
Holdings
Withdrawn status Lost status Source of classification or shelving scheme Damaged status Home library Current library Shelving location Date acquired Source of acquisition Sub Shelving location Total Checkouts Full call number Barcode Date last seen Price effective from Koha item type Total Renewals Checked out Date checked out
    Library of Congress Classification   Luxembourg Library Luxembourg Library Fiction Section 01/27/2016 Donation     PS 3553 .C928m2 1993 10610 01/27/2016 01/27/2016 Books      
    Library of Congress Classification   Luxembourg Library Luxembourg Library Fiction Section 01/27/2016 Donation   1 PS 3553 .C928m2 1993 4326 02/14/2020 01/27/2016 Books 2 05/16/2020 02/14/2020

Jurassic park :

APA

Crichton M., . (1993). Jurassic park. New York: Balantine Books.

Chicago

Crichton Michael, . 1993. Jurassic park. New York: Balantine Books.

Harvard

Crichton M., . (1993). Jurassic park. New York: Balantine Books.

MLA

Crichton Michael, . Jurassic park. New York: Balantine Books. 1993.

  • Place hold
  • Print
  • Cite
  • Add to your cart (remove)
  • Save record
    BIBTEX Dublin Core MARCXML MARC (non-Unicode/MARC-8) MARC (Unicode/UTF-8) MARC (Unicode/UTF-8, Standard) MODS (XML) RIS
  • More searches
    Search for this title in:
    Other Libraries (WorldCat) Other Databases (Google Scholar) Online Stores (Bookfinder.com) Open Library (openlibrary.org)

Exporting to Dublin Core...

SOUTHVILLE LIBRARY

Southville International School and Colleges Library

1281 Tropical Ave. Cor. Luxembourg St., BF Homes International, Las Pinas City

Tel. No. 8256374 / 252358 Loc. 117/146

Powered by Koha